Normal view
MARC view
Entry Personal Name
001 - CONTROL NUMBER
- control field: 68131
003 - CONTROL NUMBER IDENTIFIER
- control field: dpl
005 - DATE AND TIME OF LATEST TRANSACTION
- control field: 20240704124432.0
008 - FIXED-LENGTH DATA ELEMENTS
- fixed length control field: 240704|| aca||aabn | a|a d
040 ## - CATALOGING SOURCE
- Original cataloging agency: dpl
- Transcribing agency: dpl
100 ## - HEADING--PERSONAL NAME
- Personal name: Sinha, Uttam Kumar
670 ## - SOURCE DATA FOUND
- Source citation: Work cat.: (dpl)154543: Non- traditional security challenges in Asia :, 2016
